000 00547nam a2200145 a 4500
008 120416s1981 ||||||||||||||||| || u
050 _aHC 915 Bel
100 _aBell, Michael W
245 1 0 _aPrimary production in an unstable economic order
246 _athe Zambian economy 1965-1978
260 _aBirmingham
_bThe University of Aston Management Centr
_c1981
300 _a83p. : ill.
350 _a0.00
995 _D0.00
_FCBU-MAIN LIBRARY (Kitwe)
_H1
_I14.50
_M1
_UAVAILABLE
_ZZambiana Collection
999 _c54455
_d54455